000 00313nam a22001337a 4500
008 180905b xxu||||| |||| 00| 0 eng d
020 _a9780500251294
041 _aeng
080 _a941
100 _a16
101 _aHIS
245 _aThe Seventy Great Journesys In History
_cHudson.th
942 _2udc
_cBK
999 _c47541
_d47541